000 00896nam a22002897a 4500
003 CHAP
005 20220329133925.0
008 971013s1979 r 00010 d
010 _a12770
011 _a13742
035 _a17814
040 _cCHAP
082 _a519.5
_bC38 1979
100 0 0 _aCasa Aruta, Ernesto.
_919721
245 _a200 problemas de estadística descriptiva
250 _a5 ed.
260 _aBarcelona :
_bVicens-Vives,
_c1979
300 _a206 p.
_b: ilus. ; gráfs.
590 _aBATCH-UPD
_b10
_c20130110
_lUCH01
_h2124
590 _aBATCH-UPD
_b10
_c20130410
_lUCH01
_h1433
590 _aBATCH-UPD
_b10
_c20130914
_lUCH01
_h0859
590 _aCONVERSION
_b10
_c20130109
_lUCH01
_h1308
650 1 4 _aEstadística
_xProblemas, ejercicios, etc.
_938255
901 _aBK
942 _cLIBRO
949 _a519.5 C38 1979
_bBC
_cLIBRO
_d33724000409777
_eLIBRO
_gI.c/e
_h65571
_i17814
_si
999 _c12770
_d12770